[Event "Wch U10"]
[Site "Santiago de Compostela"]
[Date "2018.11.13"]
[Round "9"]
[White "Emrikian, Aren C"]
[Black "Kuhn, Clement"]
[Result "1/2-1/2"]
[WhiteElo "1685"]
[BlackElo "2087"]
[PlyCount "87"]
[EventDate "2018.11.04"]
[EventType "swiss"]
[EventRounds "11"]
[EventCountry "ESP"]
[SourceTitle "EXT 2022"]
[Source "ChessBase"]
[SourceDate "2021.10.06"]
[SourceVersion "1"]
[SourceVersionDate "2021.10.06"]
[SourceQuality "1"]

1. e4 c5 2. Nf3 Nc6 3. Bb5 g6 4. Bxc6 dxc6 5. d3 Bg7 6. Nbd2 Nf6 7. a4 0-0 8. 0-0 b6 9. Re1 Qc7 10. Nc4 Nd7 11. c3 e5 12. Qb3 Ba6 13. Be3 Rfe8 14. Red1 Nf8 15. Nfd2 Rad8 16. Qc2 Ne6 17. g3 Rd7 18. b4 cxb4 19. cxb4 Nd4 20. Bxd4 Rxd4 21. Nb3 Rd7 22. a5 Bc8 23. Ne3 Re6 24. Rac1 Qd8 25. Nc4 Bh6 26. Ra1 Bb7 27. Qc3 Bg7 28. Ra2 Kh8 29. Qc2 f5 30. Raa1 Bf8 31. exf5 gxf5 32. Qc3 Bg7 33. Rac1 Ba6 34. Qc2 Bb5 35. Kg2 e4 36. dxe4 Rxe4 37. Rxd7 Qxd7 38. Qd2 Qxd2 39. Nbxd2 Re2 40. Kf3 Re8 41. Nd6 Rf8 42. Nxb5 cxb5 43. axb6 axb6 44. Nb3 1/2-1/2

[Event "Wch U08"]
[Site "Pocos de Caldas"]
[Date "2017.08.25"]
[Round "5"]
[White "Emrikian, Aren C"]
[Black "Daaevik, Wadhawan"]
[Result "1-0"]
[WhiteElo "1408"]
[BlackElo "1561"]
[PlyCount "107"]
[EventDate "2017.08.22"]
[EventType "swiss"]
[EventRounds "11"]
[EventCountry "BRA"]
[SourceTitle "CBM 180 Extra"]
[Source "ChessBase"]
[SourceDate "2017.10.06"]
[SourceVersion "1"]
[SourceVersionDate "2017.10.06"]
[SourceQuality "1"]

1. d4 c5 2. d5 f5 3. e4 fxe4 4. Nc3 Nf6 5. Nh3 a6 6. Ng5 d6 7. Ngxe4 Nbd7 8. Bg5 g6 9. Qe2 Kf7 10. Bf4 Nb6 11. Ng5+ Kg7 12. 0-0-0 h6 13. Ne6+ Bxe6 14. Qxe6 Qd7 15. Qe2 Na4 16. Nxa4 Qxa4 17. Qc4 Qd7 18. Be2 b5 19. Qc3 Kf7 20. Qe3 Bg7 21. Bf3 Rhe8 22. Bxh6 Rab8 23. Bxg7 Kxg7 24. h4 e6 25. Qg5 Nh7 26. Qg3 e5 27. h5 g5 28. Be4 Kh6 29. Bxh7 Qxh7 30. Rd3 Rf8 31. Qg4 Rf6 32. Rf3 Qe7 33. Rf5 Rxf5 34. Qxf5 Rg8 35. g4 Rg7 36. Rd1 c4 37. Rd2 a5 38. c3 Qd8 39. Qe6+ Kh7 40. Re2 Qe7 41. Qf5+ Kg8 42. Re3 Rf7 43. Qg6+ Rg7 44. Qe4 Rf7 45. Rf3 Rxf3 46. Qxf3 Qf7 47. Qxf7+ Kxf7 48. Kd2 Kg7 49. Ke3 Kf7 50. Ke4 Kg7 51. Kf5 b4 52. a3 bxa3 53. bxa3 a4 54. f3 1-0